| 000 | 00940nam a2200361 a 4500 | ||
|---|---|---|---|
| 003 | AR-BaBNM | ||
| 005 | 20251128205032.0 | ||
| 008 | 082120s2002 ||||||||||||||000 | spa|| | ||
| 020 | _a950-602-260-9 | ||
| 040 | _cAR-BaBNM | ||
| 100 | 1 | _aSarlo, Beatriz | |
| 245 | 0 | 0 |
_aLa imaginación técnica _bsueños modernos de la cultura argentina |
| 260 |
_aBuenos Aires _bNueva Visión _c1992 |
||
| 300 | _a153 p. | ||
| 600 | 1 | 4 | _aArlt, Roberto |
| 600 | 1 | 4 | _aQuiroga, Horacio |
| 650 | 4 | _aSOCIOLOGIA CULTURAL | |
| 650 | 4 | _aCRITICA LITERARIA | |
| 650 | 4 | _aRADIO | |
| 650 | 4 | _aTELEVISION | |
| 650 | 4 | _aANALISIS LITERARIO | |
| 650 | 4 | _aCULTURA DE MASAS | |
| 650 | 4 | _aPERIODISMO | |
| 650 | 4 | _aMEDIOS DE COMUNICACION DE MASAS | |
| 650 | 4 | _aARTE POPULAR | |
| 650 | 4 | _aESTUDIOS SOCIALES | |
| 650 | 4 | _aCULTUROLOGIA | |
| 650 | 4 | _aVALORES CULTURALES | |
| 650 | 4 | _aCINE | |
| 655 | _aLITERATURA | ||
| 942 | _cBK | ||
| 998 | _cMARTIN | ||
| 999 |
_c9727 _d9727 |
||